| 000 | 00980cam a22002411i 4500 | ||
|---|---|---|---|
| 003 | SA-RiAUC | ||
| 005 | 20250118060354.0 | ||
| 008 | 250113s1977 su g 00010 ara c | ||
| 040 |
_aSA-RiAUC _bara _cSA-RiAUC _erda |
||
| 043 | _aa-su--- | ||
| 082 | 0 | 4 | _a811.9 |
| 090 |
_a811.9 _bا ب و ب |
||
| 100 | 1 |
_aأبو بكر، عبد الرحيم، _d1356-1402 هجري _eمؤلف. |
|
| 245 | 1 | 2 |
_aالشعر الحديث في الحجاز (1916-1948 م) / _cتأليف عبد الرحيم أبو بكر. |
| 264 | 1 |
_aالمدينة المنورة : _bمنشورات نادي المدينة المنورة الأدبي، _c1977 |
|
| 300 |
_a255 صفحة ؛ _c23 سم |
||
| 336 |
_aنص _btxt _2rdacontent _3كتاب |
||
| 337 |
_aبدون وسيط _bn _2rdamedia |
||
| 338 |
_aمجلد _bnc _2rdacarrier |
||
| 650 | 7 |
_aالشعر العربي _zالسعودية _xتاريخ ونقد _yقرن 14 هجري. _2aucsh |
|
| 942 |
_2ddc _cBOOK _n0 |
||
| 949 |
_aSA-JeALM _d250113 _umohamedma123 _n1 |
||
| 999 |
_c4905 _d4905 |
||